[Event "Criciuma op-B"]
[Site "Criciuma"]
[Date "2024.01.17"]
[Round "8"]
[White "Da Silva, Francisco Bitencour"]
[Black "Coutinho, Laiane Mascarello"]
[Result "0-1"]
[WhiteElo "1800"]
[BlackElo "1800"]
[PlyCount "58"]
[EventDate "2024.01.12"]
[EventType "swiss"]
[EventRounds "9"]
[EventCountry "BRA"]
[SourceTitle "CB04_2024"]
[SourceDate "2023.10.16"]
[SourceVersion "1"]
[SourceVersionDate "2023.10.16"]
[SourceQuality "1"]

1. e4 e5 2. Nf3 Nc6 3. d4 exd4 4. Nxd4 g6 5. Nxc6 bxc6 6. Nc3 Bg7 7. Bd3 Ne7 8. 0-0 0-0 9. Bd2 d6 10. Qe2 Be6 11. Bc4 d5 12. exd5 cxd5 13. Bb3 c6 14. Bf4 Nf5 15. Be5 Nd4 16. Bxd4 Bxd4 17. Qd2 Bg7 18. Rfe1 Rb8 19. Rab1 Re8 20. a3 Qd7 21. Na4 Qd6 22. c3 Rxb3 23. Qe3 d4 24. Qd2 Rbb8 25. g3 Qd5 26. Qd3 Bh3 27. Rxe8+ Rxe8 28. f3 Bf5 29. Qxd4 Bxd4+ 0-1

[Event "Criciuma op-B"]
[Site "Criciuma"]
[Date "2024.01.16"]
[Round "7"]
[White "Coutinho, Laiane Mascarello"]
[Black "Fabre, Lucas Mendes"]
[Result "0-1"]
[WhiteElo "1800"]
[BlackElo "1800"]
[PlyCount "84"]
[EventDate "2024.01.12"]
[EventType "swiss"]
[EventRounds "9"]
[EventCountry "BRA"]
[SourceTitle "CB04_2024"]
[SourceDate "2023.10.16"]
[SourceVersion "1"]
[SourceVersionDate "2023.10.16"]
[SourceQuality "1"]

1. e4 e5 2. Nf3 Nc6 3. Bc4 Bc5 4. 0-0 Nf6 5. d3 h6 6. c3 d6 7. Re1 0-0 8. Bb3 Be6 9. Bc2 Ne7 10. b4 Bb6 11. Nbd2 Ng6 12. Nf1 c6 13. Ng3 a5 14. Bb2 axb4 15. Bb3 bxc3 16. Bxc3 Nf4 17. Bxe6 fxe6 18. d4 exd4 19. Bxd4 d5 20. Bxb6 Qxb6 21. Rb1 Qa6 22. e5 Nd7 23. Nh4 Nd3 24. Rf1 N3xe5 25. h3 b6 26. Re1 Qxa2 27. Re2 Qa4 28. Qxa4 Rxa4 29. f3 Rxh4 30. Rb3 Ra4 31. Kh2 c5 32. Re1 c4 33. Rc3 d4 34. Rc2 d3 35. Rf2 c3 36. Nf1 c2 37. Nd2 Nc4 38. Nb3 Nc5 39. Nd4 Na3 40. Rc1 Rxd4 41. Kg1 d2 42. Rcf1 d1Q 0-1

[Event "Criciuma op-B"]
[Site "Criciuma"]
[Date "2024.01.16"]
[Round "6"]
[White "Figueiredo, Bryan da Silva"]
[Black "Coutinho, Laiane Mascarello"]
[Result "1-0"]
[WhiteElo "1749"]
[BlackElo "1800"]
[PlyCount "67"]
[EventDate "2024.01.12"]
[EventType "swiss"]
[EventRounds "9"]
[EventCountry "BRA"]
[SourceTitle "CB04_2024"]
[SourceDate "2023.10.16"]
[SourceVersion "1"]
[SourceVersionDate "2023.10.16"]
[SourceQuality "1"]

1. d4 g6 2. c4 Bg7 3. Nc3 Nf6 4. Nf3 0-0 5. e4 d6 6. Bd3 Nbd7 7. Be3 Re8 8. 0-0 b6 9. Qc2 Ng4 10. Ng5 e5 11. Nf3 c5 12. d5 Ndf6 13. h3 Nxe3 14. fxe3 Nh5 15. Kh2 Nf6 16. Qf2 Qd7 17. Bc2 h5 18. Ba4 Ng4+ 19. hxg4 Qxg4 20. Bxe8 f6 21. Qh4 Qxh4+ 22. Nxh4 g5 23. Nf5 Bf8 24. Bxh5 Bd7 25. Nb5 Rd8 26. Nbxd6 Bxd6 27. Nxd6 Kg7 28. Rf2 Rh8 29. g4 Bxg4 30. Ne8+ Kh6 31. Bxg4 Kg6+ 32. Kg3 Rxe8 33. Bf5+ Kg7 34. Rh1 1-0